000 01228nab a2200205 i 4500
001 BPP
003 BPK
005 20180426132614.0
008 160104s2000 pl n f |000 0pol
040 _cBPK
100 _aKOPCZEWSKI, Marian.
_d1997 - .
_bPolitechnika Koszalińska - Wydział Elektroniki,
_cKatedra Teorii Obwodów i Układów Elektronicznych
245 _aDowodzenie według procedur NATO :
_bobowiązujące pojęcia /
_cM. Kopczewski, J. Ostapko.
260 _c2000.
500 _asprawozdanie jednostki (Informator o publikowanych wynikach prac naukowo-badawczych w 2000 roku Wydziału Elektroniki).
520 _aJednym z najważniejszych zadań, stojących przed wojskami WLOP, jest osiągnięcie pełnej integracji z OP NATO. Integrowanie wojsk OPL wynika z potrzeby bezpośredniego współdziałania, w ramach jednolitego systemu OP Sojuszu, w zakresie: planowania, organizaowania i samej walki. Każdy oficer naszych wojsk musi zatem jednoznacznie interpretować ogólne pojęcia dotyczące OP we wszystkich państwach Sojuszu.
650 0 _aDowodzenie (wojsk.).
650 0 _aNATO.
773 _iW :
_tPrzegląd Wojsk Lotniczych i Obrony Powietrznej. -
_g05.05.2000, s. 26-34
942 _cART
_2UKD
999 _c388
_d388